书目信息 |
| 题名: |
中国设计教育模式研究
|
|
| 作者: | 王守宜 编著 | |
| 分册: | 2 设计基础教程 | |
| 出版信息: | 沈阳 辽宁美术出版社 2015.06 |
|
| 页数: | 1册 | |
| 开本: | 28cm | |
| 丛书名: | ||
| 单 册: | ||
| 中图分类: | J06 , J51 | |
| 科图分类: | ||
| 主题词: | 设计--研究--中国 , 图案设计--教材 | |
| 电子资源: | ||
| ISBN: | 978-7-5314-6576-8 | |
| 000 | 00986nam0 2200277 450 | |
| 001 | 0120141312122 | |
| 005 | 20170424082552.28 | |
| 010 | @a978-7-5314-6576-8@b精装@dCNY280.00 | |
| 100 | @a20150318d2015 em y0chiy50 ea | |
| 101 | 0 | @achi |
| 102 | @aCN@b210000 | |
| 105 | @aa z 000yy | |
| 106 | @ar | |
| 200 | 1 | @a中国设计教育模式研究@9zhong guo she ji jiao yu mo shi yan jiu@i设计基础教程@h2@dThe research on Chinese design education pattern@iDesign basis course@hⅡ@f王守宜等编著@zeng |
| 210 | @a沈阳@c辽宁美术出版社@d2015.06 | |
| 215 | @a1册@c图@d28cm | |
| 330 | @a本书主要内容包括:构成基础学、平面构成、色彩构成、立体构成四部分。 | |
| 333 | @a艺术设计相关人员 | |
| 510 | 1 | @aResearch on Chinese design education pattern@iDesign basis course@hⅡ@zeng |
| 606 | 0 | @a设计@x研究@y中国 |
| 606 | 0 | @a图案设计@j教材 |
| 690 | @aJ06@v5 | |
| 690 | @aJ51@v5 | |
| 701 | 0 | @a王守宜@9wang shou yi@4编著 |
| 801 | 0 | @aCN@b人天书店@c20150318 |
| 905 | @b988753-55@dJ06@e373:2@f3 | |
| 中国设计教育模式研究.设计基础教程.2=The research on Chinese design education pattern.Design basis course.Ⅱ/王守宜等编著.-沈阳:辽宁美术出版社,2015.06 |
| 1册:图;28cm |
| 使用对象:艺术设计相关人员 |
| ISBN 978-7-5314-6576-8(精装):CNY280.00 |
| 本书主要内容包括:构成基础学、平面构成、色彩构成、立体构成四部分。 |
| ● |
| 相关链接 |
|
|
|
|
正题名:中国设计教育模式研究
索取号:J06/373:2
 
预约/预借
| 序号 | 登录号 | 条形码 | 馆藏地/架位号 | 状态 | 备注 |
| 1 | 988753 | 209887531 | 第一样本阅览室/ [索取号:J06/373:2] | 在馆 | |
| 2 | 988754 | 209887540 | 第一借阅区/ [索取号:J06/373:2] | 在馆 | |
| 3 | 988755 | 209887559 | 密集书库-美术系/ [索取号:J06/373:2] | 在馆 |